000 00691nam a2200241 i 4500
001 C2-0303355
003 PPAK
005 20180728084243.0
008 100322s2009 my a|||| ||||| | may d
020 _a9789834602963
040 _aPPAK
_beng
_cPPAK
_erda
082 0 4 _a612.6
_223
090 0 0 _a612.6
_bNOR
_dG
100 0 _aNorfilza Mohd Mokhtar,
_eauthor
245 1 0 _aPembiakan :
_bpengekal zuriat
264 1 _aKuala Lumpur :
_bDewan Bahasa dan Pustaka ,
_c2009
300 _avii, 48 pages :
_bcolour illustrations ;
_c25 cm
336 _2rdacontent
_atext
337 _2rdamedia
_aunmediated
338 _2rdacarrier
_avolume
650 1 0 _aHuman reproduction.
942 _ddc
_cB
999 _c106639
_d106639